| 000 | 01004nam a2200301 i 4500 | ||
|---|---|---|---|
| 003 | EG-GICUC | ||
| 005 | 20260425190437.0 | ||
| 008 | 260419s1911 enka|||fr|||| 00| 0 eng d | ||
| 040 |
_aEG-GiCUC _beng _cEG-GiCUC _dEG-GiCUC _erda |
||
| 041 | 0 | _aeng | |
| 082 | 0 | 4 |
_221 _a343.741 _bAL . A |
| 092 | 0 | 4 | _221 |
| 099 | _aLaw1 10 343.741 AL . A 1911 | ||
| 100 | 1 |
_aAlexander, G. Glover _eAuthor. |
|
| 245 | 1 | 4 |
_aThe administration of justice in criminal matters (in England and Wales)/ _cby G. Glover Alexander. |
| 264 | 3 |
_aCambridge : _bCambridge University Press, _c1911. |
|
| 300 |
_a158 pages : _billustrations, _c24 cm |
||
| 336 |
_2rda content _atext |
||
| 337 |
_2rda media _aComputer |
||
| 338 |
_2rda carrier _aOnline Resource |
||
| 504 | _aIncludes bibliographical references and index. | ||
| 546 | _aText in English | ||
| 650 | 1 | 4 |
_aCriminal justice _2qrmak |
| 651 | 1 | _2qrmak | |
| 856 | 4 | 0 | _uhttps://fll.law.cu.edu.eg/fulltext/bks/B10-09130.pdf |
| 905 | _a74 | ||
| 942 |
_2ddc _n0 _cBK _e21 |
||
| 999 |
_c72043 _d72043 |
||